Countries with the smallest population - Statistics

General Stats
  • This quiz has been taken 8 times
  • The average score is 8 of 10
Answer Stats
Rank Answer % Correct
5 San Marino
100%
1 Vatican City
100%
6 Liechtenstein
83%
7 Monaco
83%
2 Nauru
83%
4 Palau
83%
8 Saint Kitts and Nevis
83%
3 Tuvalu
83%
10 Dominica
67%
9 The Marshall Islands
50%
No matching quizzes found
Score Distribution
Percent of People with Each Score
Percentile by Number Answered
Your Score History
You have not taken this quiz